<?xml version="1.0" encoding="UTF-8"?>
<record
    xmlns:xsi="http://www.w3.org/2001/XMLSchema-instance"
    xsi:schemaLocation="http://www.loc.gov/MARC21/slim http://www.loc.gov/standards/marcxml/schema/MARC21slim.xsd"
    xmlns="http://www.loc.gov/MARC21/slim">

  <leader>00511cam7a220018100 4500</leader>
  <controlfield tag="001">tmp15345985</controlfield>
  <controlfield tag="003">UPRA</controlfield>
  <controlfield tag="005">20190816085510.0</controlfield>
  <controlfield tag="008">950801s1973    fr                  fre u</controlfield>
  <datafield tag="035" ind1=" " ind2=" ">
    <subfield code="a">(Sirsi) r124171</subfield>
  </datafield>
  <datafield tag="035" ind1=" " ind2=" ">
    <subfield code="a">(UPRA)tmp15345985</subfield>
  </datafield>
  <datafield tag="040" ind1=" " ind2=" ">
    <subfield code="c">UPRA</subfield>
  </datafield>
  <datafield tag="100" ind1="1" ind2=" ">
    <subfield code="a">Michaux, Henri, 1899-</subfield>
    <subfield code="d">Michaux, Henri, 1899-</subfield>
    <subfield code="6">A15446.1</subfield>
  </datafield>
  <datafield tag="245" ind1="1" ind2="0">
    <subfield code="a">Moments :</subfield>
    <subfield code="b">traversees du temps.</subfield>
  </datafield>
  <datafield tag="260" ind1=" " ind2=" ">
    <subfield code="a">[Paris] :</subfield>
    <subfield code="b">Gallimard,</subfield>
    <subfield code="c">1973.</subfield>
  </datafield>
  <datafield tag="949" ind1=" " ind2=" ">
    <subfield code="a">PQ2625.I25</subfield>
    <subfield code="w">lcc</subfield>
    <subfield code="i">-178400</subfield>
    <subfield code="m">MAIN</subfield>
    <subfield code="t">BOOK</subfield>
    <subfield code="l">ON-SHELF</subfield>
  </datafield>
  <controlfield tag="004">124171</controlfield>
  <datafield tag="999" ind1=" " ind2=" ">
    <subfield code="c">80497</subfield>
    <subfield code="d">80497</subfield>
  </datafield>
</record>
